Score 0/12 Timer 02:00
0 Plays Today
Clue 3-Letter Word % Correct
Battle between nationsWAR
97%
'___ Do Fools Fall in Love?'WHY
91.7%
VisualizeSEE
89.1%
Accomplished a victoryWON
84.4%
'___ Walks in Beauty' - Lord ByronSHE
83.1%
Pale in complexionWAN
82.3%
Diffident or unassertiveSHY
79.2%
TinyWEE
76.6%
Court a mateWOO
74%
Part 2 of a 2010 #1 Hit for Ke$ha★ WHO ★
73.2%
Part 1 of a 2010 #1 Hit for Ke$ha (2 words)★ WE R ★
30.6%
Part 3 of a 2010 #1 Hit for Ke$ha (2 words)★ WE R ★
30.6%

Today's Daily Dose

Remove Ads.
Support Sporcle.
Get the best of Sporcle when you Go Orange. This ad-free experience offers more features, more stats, and more fun while also helping to support Sporcle. Thank you for becoming a member.

You're not logged in!

Compare scores with friends on all Sporcle quizzes.
OR
Log In

Show Comments

Extras

Top Quizzes Today


Score Distribution

Your Account Isn't Verified!

In order to create a playlist on Sporcle, you need to verify the email address you used during registration. Go to your Sporcle Settings to finish the process.

Report this User

Report this user for behavior that violates our Community Guidelines.

Details: